000 00396nam a2200169Ia 4500
003 IT-RoPAU
008 120407s9999 xx 000 0 und d
040 _aIT-RoPAU
040 _cIT-RoPAU
100 _aPier Giorgio Zunino
245 _aLa questione cattolica nella sinistra italiana (1919-1939)
250 _aBologna
260 _aIl Mulino
300 _c cm
490 _v1
942 _cBK
999 _c6896
_d6896